=LDR 00000nam 2200000 4500 =247 ##$$a =856 ##$$a =700 #$$a =650 #$$a Alokasi Dana Desa =520 #$$a Alokasi dana desa sebagai salah satu instrument penting untuk pembangunan desa haruslah digunakan secara efektif dan efisien, sehingga dampaknya sangat terasa untuk pembangunan itu sendiri, khususnya bagi masyarakat kurang mampu/masyarakat miskin. SIKADES PATEN RLH, muncul dari sebuah pemikiran untuk menciptakan terobosan dalam rangka pemantauan intervensi yang terintegrasi berdasarkan data kemiskinan guna mengatasi permasalahan percepatan penurunan tingkat kemiskikan. =321 ##$$a =310 ##$$a =300 ##$$a 47 hlm. : $b ill. ; $c 30 cm $e =260 ##$$a Jakarta : $b Pusbangkom Pimnas dan Manajerial ASN. ; $c 2024 =001 $a INLIS000000000020891 =245 ##$$a Sikronisasi Alokasi Dana Desa Untuk Penurunan Tingkat Kemiskinan Melalui Program Rumah Layak Huni di Kabupaten Halmahera Tengah $b $c Mustami Jamal =100 #$$a Mustami Jamal =084 ##$$a R 0159 PKN II 2024 =082 ##$$a =035 ##$$a 0010-0426000048 =020 ##$$a =008 $a 260428################g##########0#ind## =005 $a 20260428152957